00542nmm a2200169Ia 4500008004100000020001800041041000800059100002500067245009000092264003900182300001800221490002600239650003200265856005100297942000700348999001700355251105s9999||||xx |||||||||||||||||und|| a9788446042648 aspa aPhillips, Tony (ed.) 0aBajo el yugo neoliberal : crisis de la deuda y disidencias en las periferias europeas a[Madrid, España] :bAkal, c2016 a432 páginas aPensamiento crítico aPolitical Science (General) uhttps://public.digitaliapublishing.com/a/41931 cCF c83038d83038